000
00313nam a22001337a 4500
008
170615b xxu||||| |||| 00| 0 eng d
020
_a
9780878406302
041
_a
eng
080
_2
6 E3D
_a
32
100
_a
19
101
_a
SHP
245
_a
CAREERS IN INTERNATIONAK AFFAIRS
_c
CARLAND.M.P
942
_2
udc
_c
BK
999
_c
17473
_d
17473